00438nam a2200181Ia 45000030006000000050017000060080041000230200018000640400009000820410012000910820019001031000017001222450025001392600034001643000008001985050025002066500025002310Nust20170105110246.0161124s9999 xx 000 0 und d a0-415-25835-9 cIGIS aEnglish a910.28521bSHI aWenzhong Shi aSpatial Data Quality aLondonbTaylor &Francisc2002 a312 aSpatial Data Quality aSpatial Data Quality